Welcome to CU Library Online Public Access Catalogue (OPAC)

Eploring corporate strategy (Record no. 5345)

MARC details
000 -LEADER
fixed length control field 00410nam a22001697a 4500
005 - DATE AND TIME OF LATEST TRANSACTION
control field 20250404113348.0
008 - FIXED-LENGTH DATA ELEMENTS--GENERAL INFORMATION
fixed length control field 250404b |||||||| |||| 00| 0 eng d
020 ## - INTERNATIONAL STANDARD BOOK NUMBER
International Standard Book Number 9780135256190
050 ## - LIBRARY OF CONGRESS CALL NUMBER
Classification number HD 30.28 JOH
Item number 1
100 ## - MAIN ENTRY--PERSONAL NAME
Personal name JOHNSON Gerry
245 ## - TITLE STATEMENT
Title Eploring corporate strategy
250 ## - EDITION STATEMENT
Edition statement 4th
300 ## - PHYSICAL DESCRIPTION
Extent xxviii,507p
Other physical details diagrams
500 ## - GENERAL NOTE
General note index,
700 ## - ADDED ENTRY--PERSONAL NAME
Personal name SCHOLES,Kevan
942 ## - ADDED ENTRY ELEMENTS (KOHA)
Source of classification or shelving scheme Library of Congress Classification
Koha item type Books
Suppress in OPAC No
999 ## -
-- 5345
-- 5345
Holdings
Withdrawn status Lost status Source of classification or shelving scheme Damaged status Not for loan Collection Home library Current library Shelving location Date acquired Total checkouts Full call number Barcode Date last seen Copy number Price effective from Koha item type
    Library of Congress Classification     Non-fiction Graduate Library (Christ Temple) Graduate Library (Christ Temple) General stacks 04/04/2025   HD 30.28 JOH GSCT00000959 04/04/2025 1 04/04/2025 Books
    Library of Congress Classification     Non-fiction Graduate Library (Christ Temple) Graduate Library (Christ Temple) General stacks 04/04/2025   HD 30.28 JOH GSCT00000960 04/04/2025 2 04/04/2025 Books
    Library of Congress Classification     Non-fiction Graduate Library (Christ Temple) Graduate Library (Christ Temple) General stacks 04/04/2025   HD 30.28 JOH GSCT00000961 04/04/2025 3 04/04/2025 Books
    Library of Congress Classification     Non-fiction Graduate Library (Christ Temple) Graduate Library (Christ Temple) General stacks 04/04/2025   HD 30.28 JOH GSCT00000962 04/04/2025 4 04/04/2025 Books
    Library of Congress Classification     Non-fiction Graduate Library (Christ Temple) Graduate Library (Christ Temple) General stacks 04/04/2025   HD 30.28 JOH GSCT00000963 04/04/2025 5 04/04/2025 Books
    Library of Congress Classification     Non-fiction Undergraduate Library (Christ Temple) Undergraduate Library (Christ Temple) General stacks 04/05/2025   HD30.28 JOH ulct00002102 04/05/2025 1 04/05/2025 Books
    Library of Congress Classification     Non-fiction Undergraduate Library (Christ Temple) Undergraduate Library (Christ Temple) General stacks 04/05/2025   HD30.28 JOH ulct00002103 04/05/2025 2 04/05/2025 Books
© 2023-2024 Copyright: Central University Libraries. All Rights Reserved | Created by: Mahone Tech Office